logo

Bir Sreshtho Munshi Abdur Rouf Library
Jhenaidah Cadet College

The principles of language study / (Record no. 5029)

MARC details
000 -LEADER
fixed length control field 00772cam a22002651 4500
001 - CONTROL NUMBER
JCCL Control Number 5029
003 - CONTROL NUMBER IDENTIFIER
JCCL marc code BD-JhCC
005 - DATE AND TIME OF LATEST TRANSACTION
control field 20171209120238.0
008 - FIXED-LENGTH DATA ELEMENTS--GENERAL INFORMATION
fixed length control field 740813s1964 xx 000 0 eng
035 ## - SYSTEM CONTROL NUMBER
system control number (BD-JhCC) 5029
035 ## - SYSTEM CONTROL NUMBER
system control number (OCoLC)976932
040 ## - CATALOGING SOURCE
Original cataloging agency DLC
Transcribing agency OAU
Modifying agency OCoLC
-- GACCLC
-- Uk
-- DLC
041 ## - LANGUAGE CODE
Language code of Book eng
050 00 - LIBRARY OF CONGRESS CALL NUMBER
Classification number P51
Item number .P3 1964
082 ## - DEWEY DECIMAL CLASSIFICATION NUMBER
Classification number 420
Author mark and Year PAL 1964
100 1# - MAIN ENTRY--PERSONAL NAME
Personal name Palmer, Harold E.,
245 14 - TITLE STATEMENT
Title The principles of language study /
Statement of responsibility, etc by Harold E. Palmer.
260 ## - PUBLICATION, DISTRIBUTION, ETC. (IMPRINT)
Place of publication, distribution, etc London,
Name of publisher, distributor, etc Oxford University Press,
Date of publication, distribution, etc 1964.
300 ## - PHYSICAL DESCRIPTION
Pagination vii,142 p.
Dimensions 20 cm.
440 #0 -
Title Language and language learning,
Volume number/sequential designation 5
500 ## - GENERAL NOTE
General note A reissue; first published in 1921.
650 #0 - SUBJECT ADDED ENTRY--TOPICAL TERM
Topical term or geographic name as entry element Language and languages
General subdivision Study and teaching.
942 ## - ADDED ENTRY ELEMENTS (KOHA)
Source of classification or shelving scheme Dewey Decimal Classification
Koha item type Books
Holdings
Source of classification or shelving scheme Damaged status Not for loan Home library Current library Shelving location Date of accession Total Checkouts Full call number Barcode Date last seen Copy number Koha item type
Dewey Decimal Classification     JCC Rouf Library JCC Rouf Library General Stacks 12/07/2017   420 PAL 1964 6968 12/07/2017 C- 1 Books

JCC Library | Contacts | JCC Home

Last Update on 23 September 2017
Copyright @ 2017-2020 JCC Rouf Library
Rouf Library, Jhenidah Cadet College (JCC), Bangladesh